| 000 -LEADER |
| fixed length control field |
01787nam a2200157 4500 |
| 008 - FIXED-LENGTH DATA ELEMENTS--GENERAL INFORMATION |
| fixed length control field |
190903b ||||| |||| 00| 0 eng d |
| 100 ## - MAIN ENTRY--PERSONAL NAME |
| Personal name |
Singh, Shailendra Kumar |
| 245 ## - TITLE STATEMENT |
| Title |
Premchand, nationalism and civil resistance in colonial North India |
| 260 ## - PUBLICATION, DISTRIBUTION, ETC. (IMPRINT) |
| Date of publication, distribution, etc |
2019 |
| 300 ## - PHYSICAL DESCRIPTION |
| Extent |
p.171-194. |
| 520 ## - SUMMARY, ETC. |
| Summary, etc |
The theme of nationalism in the works of Premchand, the pre-eminent Urdu–Hindi writer of the 1920s and 1930s, not only serves as an organising principle but also constitutes a protean and contentious field of study, which has resulted in conflicting interpretations. On the one hand, his nationalist narratives are categorically denounced for their apparent lack of radicalism, while on the other hand, they are unequivocally valorised for their so-called subversive content. Both these diametrically opposed schools of criticism, however, share a common lacuna, that is, both of them tend to conflate the writer’s nationalist narratives with his peasant discourse, thereby precluding the possibility of different themes yielding different interpretations. This article examines the theme of nationalism in Premchand’s works, in general, and the question of civil resistance in particular, in order to demonstrate how the writer’s politics of representation in his nationalist writings differs from the one that we find in his peasant narratives. It argues that as opposed to the authorial valorisation of the fictive peasant’s conformity to the exploitative status quo, civil resistance in Premchand’s nationalist narratives is not only necessary and desirable but also synonymous with dharma (moral duty) itself. - Reproduced. |
| 650 ## - SUBJECT ADDED ENTRY--TOPICAL TERM |
| Topical term or geographic name as entry element |
Premchand |
| 9 (RLIN) |
9508 |
| 773 ## - HOST ITEM ENTRY |
| Main entry heading |
Indian Economic and Social History Review |
| 906 ## - LOCAL DATA ELEMENT F, LDF (RLIN) |
| Subject DIP |
Nationalism |
| 942 ## - ADDED ENTRY ELEMENTS (KOHA) |
| Source of classification or shelving scheme |
|
| Item type |
Articles |